| 000 | 00480nam a2200169Ia 4500 | ||
|---|---|---|---|
| 999 |
_c28321 _d28321 |
||
| 003 | OSt | ||
| 005 | 20201130104521.0 | ||
| 008 | 190216s9999||||xx |||||||||||||| ||und|| | ||
| 040 | _coclc | ||
| 082 |
_a894.8123 _bRAD/I |
||
| 100 |
_aRadhakrishnan, C _96488 |
||
| 245 | 0 |
_aIniyoru Nirakanchiri / _cC Radhakrishnan |
|
| 260 |
_bHi Tech Books, _c2000. _a Kochi: |
||
| 300 | _a428p | ||
| 650 | _aMalayalam | ||
| 942 |
_cBK _2ddc _h894.8123 _iRAD/I _k894.8123 _mRAD/I |
||